Culture générale - Echelle de points - Statistiques

Statistiques générales
  • Ce quiz a été pris 125 fois
  • Le résultat moyen est 4 sur 10
Statistiques - réponses
Point Question Réponse % Correct
1 Refusé de reconnaitre quelque chose NIE
99%
2 Nada, néant RIEN
94%
3 Organes de l'appareil urinaire des vertébrés REINS
74%
4 Renifler SENTIR
64%
5 On s'en sert pour réparer une chambre à air RUSTINE
52%
6 Parler grossièrement, méchamment INSULTER
21%
7 Ceux qui fabriquent ou qui vendent des instruments d'optique LUNETIERS
16%
8 Éclatante, éblouissante... RELUISANTE
4%
10 Elle habite par exemple à Brisbane ou Melbourne AUSTRALIENNE
2%
9 Elle a acquis une nationalité qu'elle ne possédait pas depuis sa naissance NATURALISÉE
2%
Aucun quiz correspondant
Distribution des résultats
% des personnes avec chaque résultat
Percentile par nombre de réponses
Votre historique - résultats
Vous n’avez pas pris ce quiz